Biotechnology and genetics in fisheries and aquaculture / (Record no. 112926)
[ view plain ]
| 000 -LEADER | |
|---|---|
| fixed length control field | 00624nam a22002177a 4500 |
| 003 - CONTROL NUMBER IDENTIFIER | |
| control field | BD-ChCU |
| 005 - DATE AND TIME OF LATEST TRANSACTION | |
| control field | 20260513094140.0 |
| 008 - FIXED-LENGTH DATA ELEMENTS--GENERAL INFORMATION | |
| fixed length control field | 260513b ii ||||| |||| 00| 0 eng |
| 020 ## - INTERNATIONAL STANDARD BOOK NUMBER | |
| International Standard Book Number | 9781405188579 |
| 040 ## - CATALOGING SOURCE | |
| Transcribing agency | BD-ChCU |
| 082 ## - DEWEY DECIMAL CLASSIFICATION NUMBER | |
| Edition number | 23 660.6 B379b |
| Classification number | 660.6 B379b |
| 100 ## - MAIN ENTRY--PERSONAL NAME | |
| Personal name | Beaumont, Andy. |
| 9 (RLIN) | 22883 |
| 245 ## - TITLE STATEMENT | |
| Title | Biotechnology and genetics in fisheries and aquaculture / |
| Statement of responsibility, etc. | Andy Beaumont. |
| 250 ## - EDITION STATEMENT | |
| Edition statement | 2ed. |
| 260 ## - PUBLICATION, DISTRIBUTION, ETC. | |
| Place of publication, distribution, etc. | New Delhi : |
| Name of publisher, distributor, etc. | Wiely Blackwell, |
| Date of publication, distribution, etc. | 2010 |
| 300 ## - PHYSICAL DESCRIPTION | |
| Extent | 202 P. : |
| 504 ## - BIBLIOGRAPHY, ETC. NOTE | |
| Bibliography, etc. note | Includes. |
| 650 #0 - SUBJECT ADDED ENTRY--TOPICAL TERM | |
| Topical term or geographic name entry element | Biotechnology ; Genetics. |
| 9 (RLIN) | 22885 |
| 700 ## - ADDED ENTRY--PERSONAL NAME | |
| Personal name | Boudry, Pierre. |
| 9 (RLIN) | 22887 |
| 942 ## - ADDED ENTRY ELEMENTS (KOHA) | |
| Source of classification or shelving scheme | Dewey Decimal Classification |
| Koha item type | Books |
| Suppress in OPAC | No |
| Withdrawn status | Lost status | Source of classification or shelving scheme | Damaged status | Not for loan | Home library | Current library | Shelving location | Date acquired | Source of acquisition | Total Checkouts | Full call number | Barcode | Date last seen | Copy number | Price effective from | Koha item type |
|---|---|---|---|---|---|---|---|---|---|---|---|---|---|---|---|---|
| Dewey Decimal Classification | Chittagong University Library | Chittagong University Library | Science Reading Room | 05/13/2026 | purchase | 660.6 B379b | 343513 | 05/13/2026 | C-1 | 05/13/2026 | Books | |||||
| Dewey Decimal Classification | Chittagong University Library | Chittagong University Library | Science Reading Room | 05/13/2026 | purchase | 660.6 B379b | 343514 | 05/13/2026 | C-2 | 05/13/2026 | Books |